书目信息 |
| 题名: |
求医化验必读
|
|
| 作者: | 宋耀虹 , 鄢盛恺 主编 | |
| 分册: | ||
| 出版信息: | 北京 农村读物出版社 2000 |
|
| 页数: | 20,310页 | |
| 开本: | 20cm | |
| 丛书名: | 小木屋生活丛书 | |
| 单 册: | ||
| 中图分类: | R446 , R446.1 | |
| 科图分类: | ||
| 主题词: | 实验室诊断--基本知识 , 实验室诊断 | |
| 电子资源: | ||
| ISBN: | 7-5048-3095-X | |
| 000 | 00736oam2 2200265 450 | |
| 001 | 1537561996 | |
| 005 | 20150130102639.09 | |
| 010 | @a7-5048-3095-X@dCNY14.90 | |
| 100 | @a20000421d2000 em y0chiy0110 ea | |
| 101 | 0 | @achi |
| 102 | @aCN@b110000 | |
| 105 | @ay z 000yy | |
| 200 | 1 | @a求医化验必读@9qiu yi hua yan bi du@f宋耀虹,鄢盛恺主编 |
| 210 | @a北京@c农村读物出版社@d2000 | |
| 215 | @a20,310页@d20cm | |
| 225 | 2 | @a小木屋生活丛书 |
| 461 | 0 | @12001 @a小木屋生活丛书 |
| 606 | 0 | @a实验室诊断@x基本知识 |
| 606 | 0 | @a实验室诊断 |
| 690 | @aR446@v5 | |
| 690 | @aR446.1@v4 | |
| 701 | 0 | @a宋耀虹@9song yao hong@4主编 |
| 701 | 0 | @a鄢盛恺@9yan sheng kai@4主编 |
| 801 | 0 | @aCN@bTSSF@c20150130 |
| 905 | @aZUCC@dR446.1@eJY178 | |
| 求医化验必读/宋耀虹,鄢盛恺主编.-北京:农村读物出版社,2000 |
| 20,310页;20cm.-(小木屋生活丛书) |
| ISBN 7-5048-3095-X:CNY14.90 |
| ● |
| 相关链接 |
|
|
|
|
正题名:求医化验必读
索取号:R446.1/JY178
 
预约/预借
| 序号 | 登录号 | 条形码 | 馆藏地/架位号 | 状态 | 备注 |
| 1 | 7862544 | 278625445 | 学院路分馆/ [索取号:R446.1/JY178] | 在馆 | |
| 2 | 7862545 | 278625454 | 学院路分馆/ [索取号:R446.1/JY178] | 在馆 | |
| 3 | 7862546 | 278625463 | 学院路分馆/ [索取号:R446.1/JY178] | 在馆 |